00305nam a2200121Ia 45000030006000000080041000060400015000471000022000622450061000842600009001455460012001540050017001660STCL150530s9999 xx 000 0 und d aSTCLcSTCL aUdai, Pradhan, C. aIndian orchids guide to identification and culture Vol I c1976 aEnglish20220125170407.0